[Event "Schwarzach op-C 26th"]
[Site "Schwarzach"]
[Date "2011.08.23"]
[Round "4.3"]
[White "Romes, Paul"]
[Black "Freh, Walter"]
[Result "1/2-1/2"]
[WhiteElo "1426"]
[BlackElo "1662"]
[PlyCount "81"]
[EventDate "2011.08.20"]
[EventType "swiss"]
[EventRounds "9"]
[EventCountry "AUT"]
[SourceTitle "EXT 2024"]
[Source "ChessBase"]
[SourceDate "2023.10.10"]
[SourceVersion "1"]
[SourceVersionDate "2023.10.10"]
[SourceQuality "1"]

1. d4 d5 2. e3 e6 3. Bd3 Nf6 4. f4 Nc6 5. Nf3 b6 6. c3 Bb7 7. Nbd2 Bd6 8. 0-0 Qe7 9. Ne5 0-0-0 10. Qa4 Bxe5 11. fxe5 Nd7 12. e4 f6 13. Nf3 h6 14. exd5 exd5 15. Nh4 Nf8 16. Nf5 Qd7 17. exf6 g5 18. Re1 Kb8 19. Ne7 Qd6 20. Bb5 Na5 21. f7 c6 22. Nf5 cxb5 23. Nxd6 bxa4 24. Re8 Ng6 25. Bd2 Bc6 26. Rg8 Rdxg8 27. fxg8Q+ Rxg8 28. Re1 Nc4 29. Nxc4 dxc4 30. Re6 Kc7 31. Rf6 Nf4 32. g3 Nd3 33. Rxh6 g4 34. Rh7+ Bd7 35. Bf4+ Kc8 36. d5 Nxb2 37. Bb8 a6 38. Ba7 b5 39. Rh6 Kb7 40. Bd4 Nd3 41. Rb6+ 1/2-1/2